000 00409nam a2200133Ia 4500
008 211109s9999||||xx |||||||||||||| ||und||
082 _a894.8123
_bKES-A
100 _aKesavadev [p],
245 0 _aAarkuvendi
260 _bSAHITHYA PRVARTHAKA SANGHAM
_aKottayam
_c1953
630 _xGeneral Stack
650 _aMalayalam literature
_vmalayalam fictionmalayalam novelmalayalam stories
_xGeneralia
942 _cBOOK
999 _c19266
_d19266